BIBLIOTECA PODER JUDICIAL
Portal Judicial TDF

La importancia de las medidas razonables del art. 553 Cód. Civ. y Com. ante el incumplimiento de la obligación alimentaria por parte del progenitor / (Registro nro. 5252)

000 -LEADER
fixed length control field 01194nab a22002177a 4500
003 - CONTROL NUMBER IDENTIFIER
control field OSt
005 - DATE AND TIME OF LATEST TRANSACTION
control field 20240711092756.0
008 - FIXED-LENGTH DATA ELEMENTS--GENERAL INFORMATION
fixed length control field 190514b xxu||||| |||| 00| 0 spa d
040 ## - CATALOGING SOURCE
Transcribing agency PJ
100 ## - MAIN ENTRY--PERSONAL NAME
9 (RLIN) 6306
Personal name Messina Anachuri, Sofía
245 10 - TITLE STATEMENT
Title La importancia de las medidas razonables del art. 553 Cód. Civ. y Com. ante el incumplimiento de la obligación alimentaria por parte del progenitor /<br/>
Statement of responsibility, etc Sofía Messina Anachuri.
300 ## - PHYSICAL DESCRIPTION
Extent p. 149-157
500 ## - GENERAL NOTE
General note Cita Online: TR LALEY AR/DOC/582/2024.
505 ## - FORMATTED CONTENTS NOTE
Formatted contents note Sumario: I. Presentación.— II. Las costuras.— III. Los hachazos.— IV. Consideraciones finales.Sumario: I. Introducción.— II. La obligación alimentaria de los progenitores para con sus hijos e hijas.— III. El incumplimiento del deber alimentario por parte de los progenitores.— IV. Las medidas razonables del art. 553 Cód. Civ. y Com.— V. Reflexión final.<br/><br/>
650 #0 - SUBJECT ADDED ENTRY--TOPICAL TERM
9 (RLIN) 967
Topical term or geographic name as entry element DERECHO DE FAMILIA
650 #0 - SUBJECT ADDED ENTRY--TOPICAL TERM
9 (RLIN) 1497
Topical term or geographic name as entry element CODIGO CIVIL Y COMERCIAL
650 #0 - SUBJECT ADDED ENTRY--TOPICAL TERM
9 (RLIN) 968
Topical term or geographic name as entry element ALIMENTOS
650 #0 - SUBJECT ADDED ENTRY--TOPICAL TERM
9 (RLIN) 1015
Topical term or geographic name as entry element RESPONSABILIDAD PARENTAL
773 0# - HOST ITEM ENTRY
Host Biblionumber 2844
Host Itemnumber 3222
Place, publisher, and date of publication Buenos Aires : AbeledoPerrot, 1989-
Title Derecho de familia. N° 114 - Mayo 2024
International Standard Book Number 18511201
942 ## - ADDED ENTRY ELEMENTS (KOHA)
Source of classification or shelving scheme
Koha item type Analítica Artículo de Revista

No hay ítems disponibles.

12 de Octubre 789 Ushuaia - Tel:  54(02901)441571
Horario de Atención: 8.00 a 17.00 hs. 
bibliotecaush@justierradelfuego.gov.ar
koha@justierradelfuego.gov.ar
Seguinos en nuestras redes @bibliojustdf 

Con tecnología Koha